| 000 | 00000nam##2200000za#4500 |
| 001 | 9.579244 |
| 003 | CaOODSP |
| 005 | 20210624190456 |
| 007 | cr ||||||||||| |
| 008 | 150406|1999||||xxc|||||o f|0| 0 eng|d |
| 022 | |a1488-5379 |
| 040 | |aCaOODSP|beng |
| 043 | |an-cn--- |
| 086 | 1 |aFs97-6/2299E-PDF |
| 110 | 1 |aCanada. |bDepartment of Fisheries and Oceans. |
| 245 | 12|aA brief history of GFCATCH (1954-1995), the Groundfish Catch and Effort Database at the Pacific Biological Station / |h[electronic resource]|cby K.L. Rutherford. |
| 260 | |aNanaimo - British Columbia : |bFisheries and Oceans Canada |c1999. |
| 300 | |a74p.|bfigs., references |
| 490 | 1 |aCanadian technical report of fisheries and aquatic sciences|x1488-5379|vNo. 2299 |
| 500 | |aOn t.p.: Science Branch, Pacific Region, Nanaimo, British Columbia. The catalogue number and ISSN for the print edition appear in the PDF version. |
| 546 | |a(Résumé en français) |
| 590 | |a14-06-Supp|b2014-03-21 |
| 720 | 1 |aRutherford, K. L. |
| 830 | #0|aCanadian technical report of fisheries and aquatic sciences,|x1488-5379|vNo. 2299|w(CaOODSP)9.504449 |
| 856 | 40|ahttp://publications.gc.ca|qPDF|s2373 KB|uhttps://publications.gc.ca/collections/collection_2014/mpo-dfo/Fs97-6-2299-eng.pdf|yNo. 2299 |